| 000 | 01018nam a22003137a 4500 | ||
|---|---|---|---|
| 005 | 20230512223112.0 | ||
| 008 | 190521t xxu||||| |||| 00| 0 eng d | ||
| 020 | _a9781305089617 | ||
| 040 | _cCSPC | ||
| 082 | 0 |
_a158.3 _bG274t |
|
| 100 |
_aGehart, Diane R., _eauthor. |
||
| 245 | 0 | 0 |
_aTheory and treatment planning in counseling and psychotherapy _cDiane R. Gehart |
| 250 |
_aSecond _bedition |
||
| 260 |
_aUSA : _bCengage Learning, _c2016. |
||
| 300 |
_axviii, 500 pages : _bfigures : _c28 cm. |
||
| 336 |
_2rdacontent _atext |
||
| 337 |
_2rdamedia _aunmediated |
||
| 338 |
_2rdacarrier _avolume |
||
| 500 | _aIncludes bibliographical references and index. | ||
| 650 | 1 | 0 | _aPsychotherapy. |
| 650 | 1 | 0 | _aMental health counselling. |
| 650 | 1 | 0 |
_aPsychotherapy _vPlanning. |
| 650 | 1 | 0 |
_aPsychotherapy _vStudy and teaching. |
| 650 | 1 | 0 |
_aCounselling _vStudy and teaching. |
| 940 | _a123 | ||
| 942 |
_cBOOK _jCIR 158.3 G274t 2016 |
||
| 999 |
_c8694 _d8694 |
||